Con ton y son. (Record no. 110077)
[ view plain ]
| 000 -LEADER | |
|---|---|
| fixed length control field | 00444nam a2200157 a 4500 |
| 001 - CONTROL NUMBER | |
| control field | 2429 |
| 005 - DATE AND TIME OF LATEST TRANSACTION | |
| control field | 20140414131849.0 |
| 008 - FIXED-LENGTH DATA ELEMENTS--GENERAL INFORMATION | |
| fixed length control field | 050601s19uu xx 00 eng d |
| 050 ## - LIBRARY OF CONGRESS CALL NUMBER | |
| Classification number | M 460 |
| Item number | C74 1997 |
| 245 ## - TITLE STATEMENT | |
| Title | Con ton y son. |
| 260 ## - PUBLICATION, DISTRIBUTION, ETC. (IMPRINT) | |
| Place of publication, distribution, etc | New York : |
| Name of publisher, distributor, etc | Macmillan/McGraw-Hill, |
| Date of publication, distribution, etc | 1997. |
| 300 ## - PHYSICAL DESCRIPTION | |
| Extent | 30 p. : ill. ; cm. |
| 650 ## - SUBJECT ADDED ENTRY--TOPICAL TERM | |
| Topical term or geographic name as entry element | Phonemics |
| General subdivision | Spanish |
| -- | Juvenile literature. |
| 650 ## - SUBJECT ADDED ENTRY--TOPICAL TERM | |
| Topical term or geographic name as entry element | Spanish language |
| General subdivision | English language. |
| Withdrawn status | Lost status | Damaged status | Use restrictions | Home library | Current library | Shelving location | Date acquired | Source of acquisition | Total Checkouts | Full call number | Barcode | Date last seen | Price effective from | Koha item type |
|---|---|---|---|---|---|---|---|---|---|---|---|---|---|---|
| Munich Library | Munich Library | Main Section | 06/01/2005 | M 460 C74 1997 | M0328 | 04/14/2014 | 04/14/2014 | Books |